000
00336nam a2200133Ia 4500
008
220204s9999 xx 000 0 und d
082
_a
547
_b
BAU
100
_a
Stuart J
245
0
_a
Introduction to organic and biological chemistry
250
_a
3
260
_a
New York
_b
Macmillan
_c
1978
650
_a
Organic chemistry
942
_c
BK
999
_c
36405
_d
36405